000 01045nam0a2200301 4500
001 RU\NLR\BIBL_A\010922899
005 20250624202019.0
010 _a978-5-86181-515-4
021 _aRU
_b2015-91851
_95661
035 _a(NLR Aleph) 010922899
090 _a10685214
_c10685214
100 _a20151209d2015 |||y0rusy50 ca
101 0 _arus
_ceng
102 _aRU
105 _ay z 000zy
200 1 _aИсцеление памяти
_eисцеление болезненных воспоминаний прошлого
_fДэвид Симандз
_g[пер. с англ. Е. Проценко]
205 _a[4-е изд.]
210 _aМосква
_cТриада
_d2015
215 _a222 с.
_d21
606 1 _aПротестантизм и психология
_92506353
_3RU\NLR\AUTH\6601701365
686 2 _aЭ376.20-124:Ю9
700 1 _aСимандз
_bД.
_gДэвид
942 _cBOOK
980 _aNBR
980 _aNB